| 000 | 00680cam a2200253 4500 | ||
|---|---|---|---|
| 008 | 090401t1992 xxu||||| |||| 00| 0 eng d | ||
| 020 | _a0471936871 | ||
| 035 | _a(Sirsi) u63978 | ||
| 041 | _aeng | ||
| 050 | _a346.4104343 | ||
| 100 | _aGoldring, Jeremy | ||
| 245 | _aNotes on insolvency and commercial property. | ||
| 260 |
_aLondon _bChancery Law Publishing _c1992 |
||
| 300 | _a70p. ; 21cm. | ||
| 350 | _a9.95 | ||
| 650 | _aADMINISTRATION | ||
| 650 | _aBUSINESS TENANCIES | ||
| 650 | _aPROPERTY-COMMERCIAL PROPERTY | ||
| 650 | _aLIQUIDATION | ||
| 650 | _aRECEIVERSHIP | ||
| 690 | _aLANDLORD AND TENANT-BUSINESS TENANCIES | ||
| 942 | _n0 | ||
| 948 | _c04/03/1997 | ||
| 999 |
_c94630 _d94630 |
||